[Event "Hessen Senioren-ch 2012  8th"]
[Site "Bad Sooden-Adf. (14.4.-22.4)"]
[Date "2012.04.21"]
[Round "8.89"]
[White "Van Houten, Henk"]
[Black "Groener, Marga"]
[Result "1/2-1/2"]
[WhiteElo "1464"]
[BlackElo "1333"]
[PlyCount "38"]
[EventDate "2012.04.??"]
[EventType "swiss"]
[EventRounds "9"]
[EventCountry "GER"]
[WhiteTeam "Gronau 1920 SC"]
[BlackTeam "Freibauer Wedemark"]

1. e4 e6 2. Nc3 d5 3. exd5 exd5 4. d4 Be7 5. Nf3 Bf5 6. h3 h6 7. Bd3 Bxd3 8.
Qxd3 c6 9. O-O Nf6 10. Be3 O-O 11. a3 Nbd7 12. b4 a6 13. Rab1 b5 14. a4 Qb6 15.
Ne5 Rfc8 16. Qf5 Qb7 17. a5 Re8 18. Nxd7 Qxd7 19. Qxd7 Nxd7 1/2-1/2

[Event "Hessen Senioren-ch 2012  8th"]
[Site "Bad Sooden-Adf. (14.4.-22.4)"]
[Date "2012.04.21"]
[Round "8.90"]
[White "Geibel, Henning"]
[Black "Paulin, Dieter"]
[Result "0-1"]
[WhiteElo "1237"]
[BlackElo "1493"]
[PlyCount "92"]
[EventDate "2012.04.??"]
[EventType "swiss"]
[EventRounds "9"]
[EventCountry "GER"]
[WhiteTeam "Bargteheide SV"]
[BlackTeam "Dingelstädt 1921 SK"]

1. e4 c5 2. Nf3 Nc6 3. Bc4 e6 4. O-O a6 5. d4 cxd4 6. Nxd4 Be7 7. Nxc6 bxc6 8.
Nc3 Bb7 9. Qg4 g6 10. e5 h5 11. Qg3 Nh6 12. Bxh6 Rxh6 13. Qe3 Rh8 14. Ne4 Qc7
15. Ng5 Rg8 16. Nh7 O-O-O 17. Nf6 Rh8 18. Rfe1 d6 19. Ne4 d5 20. Nd6+ Bxd6 21.
exd6 Rxd6 22. Bd3 c5 23. c4 Rhd8 24. a3 Rb6 25. Rab1 Rb3 26. Qe2 Qc6 27. f3 Qb6
28. Bc2 Rxb2 29. Rxb2 Qxb2 30. Rb1 Qd4+ 31. Qf2 Qxf2+ 32. Kxf2 dxc4 33. Rc1 a5
34. Ba4 Rd4 35. Be8 h4 36. Bxf7 Bd5 37. Bxg6 Rd2+ 38. Kg1 Kc7 39. Be4 Kd6 40.
h3 Ke5 41. Rb1 Ra2 42. Rb5 Bxe4 43. fxe4 Kd4 44. Rxa5 c3 45. Ra4+ Kd3 46. e5 c2
0-1

[Event "Hessen Senioren-ch 2012  8th"]
[Site "Bad Sooden-Adf. (14.4.-22.4)"]
[Date "2012.04.21"]
[Round "8.91"]
[White "Freerksen, Uwe"]
[Black "Grueneschild, Hildegard"]
[Result "0-1"]
[WhiteElo "1275"]
[BlackElo "1380"]
[PlyCount "86"]
[EventDate "2012.04.??"]
[EventType "swiss"]
[EventRounds "9"]
[EventCountry "GER"]
[WhiteTeam "Emden SK"]
[BlackTeam "München Schach-Union"]

1. e4 c5 2. Nc3 e6 3. Nf3 Nc6 4. Bc4 d6 5. a3 a6 6. O-O Nf6 7. d3 Be7 8. Bd2
O-O 9. Re1 Qc7 10. h3 b5 11. Bb3 Bd7 12. Ba2 b4 13. Ne2 a5 14. a4 Ne5 15. Ng3
Bxa4 16. Bxe6 Nxf3+ 17. gxf3 fxe6 18. Rxa4 Qc6 19. b3 Nd7 20. Kh2 Ne5 21. f4
Ng6 22. Qg4 Qd7 23. Rg1 Bh4 24. Raa1 Bf6 25. Rad1 a4 26. Nh5 Bd4 27. Be3 axb3
28. Bxd4 cxd4 29. cxb3 Rac8 30. Rc1 Rc3 31. Rxc3 bxc3 32. b4 Qf7 33. Qe2 Qe7
34. b5 Rf7 35. b6 Nxf4 36. Nxf4 Rxf4 37. Rb1 Qb7 38. Kg3 e5 39. Qa2+ Kf8 40.
Qd5 Qf7 41. Qa8+ Ke7 42. b7 Qg6+ 43. Kh2 Rxf2+ 0-1

[Event "Hessen Senioren-ch 2012  8th"]
[Site "Bad Sooden-Adf. (14.4.-22.4)"]
[Date "2012.04.21"]
[Round "8.92"]
[White "Semisch, Helga"]
[Black "Koehler, Marianne"]
[Result "0-1"]
[WhiteElo "1256"]
[BlackElo "1384"]
[PlyCount "99"]
[EventDate "2012.04.??"]
[EventType "swiss"]
[EventRounds "9"]
[EventCountry "GER"]
[WhiteTeam "Schmalkalden 04 SV"]
[BlackTeam "Sennewitz 2011 SG"]

1. d4 g6 2. e4 d6 3. Be3 Bg7 4. f4 Nf6 5. Bd3 Ng4 6. Qe2 Nxe3 7. Qxe3 c5 8. Nf3
cxd4 9. Nxd4 Qb6 10. Bb5+ Bd7 11. Bxd7+ Nxd7 12. Qb3 Qxd4 13. Nc3 Qe3+ 14. Kd1
Bxc3 15. bxc3 Qxe4 16. Rg1 Qc6 17. g4 Nc5 18. Qc4 Qf3+ 19. Kc1 Qc6 20. Qd4
O-O-O 21. Rb1 Qe4 22. Qf2 Qd5 23. Rb2 b6 24. f5 Ne4 25. Qe3 Qc5 26. Re1 Qxe3+
27. Rxe3 gxf5 28. gxf5 Nf6 29. Rxe7 Rd7 30. Re3 Rg8 31. Rb3 Nd5 32. Re4 Nf6 33.
Rc4+ Rc7 34. Rh4 Rg5 35. Rf4 Rg2 36. h4 Rg4 37. Rxg4 Nxg4 38. Kd2 Re7 39. Rb5
Re5 40. c4 Rxb5 41. cxb5 Kb7 42. Kd3 a6 43. c4 a5 44. a4 Kc7 45. Ke4 f6 46. Kf4
Ne5 47. Kg3 Nxc4 48. Kg4 Ne5+ 49. Kh5 Nf7 50. Kg4 0-1

[Event "Hessen Senioren-ch 2012  8th"]
[Site "Bad Sooden-Adf. (14.4.-22.4)"]
[Date "2012.04.21"]
[Round "8.94"]
[White "Stratmann, Alois"]
[Black "Wernitz, Armin"]
[Result "1/2-1/2"]
[WhiteElo "1382"]
[BlackElo "1328"]
[PlyCount "153"]
[EventDate "2012.04.??"]
[EventType "swiss"]
[EventRounds "9"]
[EventCountry "GER"]
[WhiteTeam "Ahlen 1954 SV"]
[BlackTeam "Brandenburg Post SpV"]

1. c4 g6 2. Nf3 Bg7 3. g3 c6 4. Bg2 Nf6 5. O-O d6 6. d4 e6 7. Bg5 h6 8. Bf4 O-O
9. Nbd2 g5 10. Be3 Ng4 11. Qb3 Nxe3 12. Qxe3 f5 13. Nb3 Kh8 14. h4 g4 15. Ne1
Qe7 16. Nd3 Nd7 17. Nf4 Rf6 18. h5 Nf8 19. c5 d5 20. Nc1 Bd7 21. Ncd3 b6 22. b4
bxc5 23. bxc5 a5 24. Rfb1 Qe8 25. Rb6 Qc8 26. Rab1 a4 27. Ne5 Ra5 28. Qd3 Rb5
29. e3 Rxb1+ 30. Qxb1 Qe8 31. Qb4 Nh7 32. Qxa4 Rf8 33. Qb4 Bxe5 34. dxe5 Kg7
35. a4 Bc8 36. a5 Rf7 37. Bf1 Nf8 38. Qd4 Ra7 39. a6 Qd7 40. Qa4 Qc7 41. Qd4
Kf7 42. Nd3 Nd7 43. Qb2 Bxa6 44. Nb4 Bxf1 45. Rxc6 Qb7 46. Kxf1 Ra4 47. Rd6
Nxc5 48. Nd3 Qxb2 49. Nxb2 Ra1+ 50. Kg2 Ra6 51. Rxa6 Nxa6 52. Nd3 Kg7 53. f3
Nc7 54. f4 Nb5 55. Nc5 Kf7 56. Kf2 Nc3 57. Ke1 Ke7 58. Kd2 Nb5 59. Kd3 Nc7 60.
Kc3 Nb5+ 61. Kb4 Nc7 62. Ka5 d4 63. Kb6 Nd5+ 64. Kb5 Nxe3 65. Nd3 Nf1 66. Kc4
Nxg3 67. Kxd4 Nxh5 68. Ke3 Ng7 69. Kf2 h5 70. Kg3 Kd7 71. Ne1 Kc6 72. Ng2 Kd5
73. Ne3+ Ke4 74. Ng2 Kd3 75. Nh4 Ke3 76. Ng2+ Ke2 77. Nh4 1/2-1/2

[Event "Hessen Senioren-ch 2012  8th"]
[Site "Bad Sooden-Adf. (14.4.-22.4)"]
[Date "2012.04.21"]
[Round "8.95"]
[White "Borkenhagen, Bernd"]
[Black "Stuiber, Ingeborg"]
[Result "1-0"]
[WhiteElo "1358"]
[BlackElo "982"]
[PlyCount "35"]
[EventDate "2012.04.??"]
[EventType "swiss"]
[EventRounds "9"]
[EventCountry "GER"]
[WhiteTeam "Hamelner SV"]
[BlackTeam "Euskirchen SK"]

1. d4 d5 2. e3 e6 3. Nf3 Bd6 4. Bd3 f5 5. c4 c6 6. c5 Be7 7. O-O Nf6 8. h3 Nbd7
9. Ng5 Nf8 10. a3 h6 11. Nf3 Ne4 12. Ne5 Nf6 13. f4 g5 14. Be2 Qc7 15. Bh5+ Kd8
16. Nf7+ Kd7 17. Nxh8 Nxh5 18. Qxh5 1-0

[Event "Hessen Senioren-ch 2012  8th"]
[Site "Bad Sooden-Adf. (14.4.-22.4)"]
[Date "2012.04.21"]
[Round "8.96"]
[White "Stark, Werner(51)"]
[Black "Girod, Gudrun"]
[Result "1/2-1/2"]
[WhiteElo "1084"]
[BlackElo "1301"]
[PlyCount "25"]
[EventDate "2012.04.??"]
[EventType "swiss"]
[EventRounds "9"]
[EventCountry "GER"]
[WhiteTeam "Königstein/Schwalbach Sfr."]
[BlackTeam "Hannover 96 Schach"]

1. e4 d5 2. exd5 Qxd5 3. Nc3 Qd8 4. Nf3 e6 5. d4 Nf6 6. Bd3 Be7 7. O-O O-O 8.
Re1 Nbd7 9. Bf4 c6 10. h3 Nb6 11. a3 Bd6 12. Bxd6 Qxd6 13. Ne5 1/2-1/2

[Event "Hessen Senioren-ch 2012  8th"]
[Site "Bad Sooden-Adf. (14.4.-22.4)"]
[Date "2012.04.21"]
[Round "8.97"]
[White "Winkler, Werner"]
[Black "Geist, Wolfgang"]
[Result "1-0"]
[WhiteElo "1513"]
[BlackElo "1348"]
[PlyCount "95"]
[EventDate "2012.04.??"]
[EventType "swiss"]
[EventRounds "9"]
[EventCountry "GER"]
[WhiteTeam "Bad Sooden-Allendorf SK"]
[BlackTeam "Artern 90 SSV"]

1. e4 d5 2. Nc3 d4 3. Nb1 e5 4. Bc4 Nf6 5. d3 Nc6 6. h3 Be7 7. Nf3 O-O 8. O-O
a6 9. a3 Qd6 10. Ba2 b5 11. b4 Na7 12. c4 c6 13. Nbd2 Bd8 14. c5 Qc7 15. Nh2
Bd7 16. Qf3 Nc8 17. Re1 Be6 18. Ndf1 Ne7 19. Bg5 Ng6 20. Bxf6 Bxf6 21. Ng4 Qe7
22. Nxf6+ Qxf6 23. Qxf6 gxf6 24. Bxe6 fxe6 25. Ng3 Ra7 26. a4 Rb8 27. Nh5 Kf7
28. g3 Rg8 29. Kh2 Ne7 30. f4 Kg6 31. g4 Raa8 32. Rf1 Raf8 33. axb5 axb5 34.
Ng3 exf4 35. Rxf4 e5 36. Rff1 Rg7 37. Ra6 Rgf7 38. Nf5 Nxf5 39. exf5+ Kg7 40.
Rxc6 Ra8 41. Rb6 Ra3 42. Rd1 Rb3 43. Rxb5 Rb2+ 44. Kg3 Re2 45. c6 Kh6 46. Rb7
Rf8 47. b5 Rc2 48. c7 1-0

[Event "Hessen Senioren-ch 2012  8th"]
[Site "Bad Sooden-Adf. (14.4.-22.4)"]
[Date "2012.04.21"]
[Round "8.98"]
[White "Marinoni, Rainer"]
[Black "Fister, Horst-Lothar"]
[Result "1/2-1/2"]
[WhiteElo "1151"]
[BlackElo "1273"]
[PlyCount "41"]
[EventDate "2012.04.??"]
[EventType "swiss"]
[EventRounds "9"]
[EventCountry "GER"]
[WhiteTeam "Eschwege SC"]
[BlackTeam "Werther 1949 SK"]

1. e4 d6 2. f4 Nf6 3. d3 c6 4. Be2 Nbd7 5. Nf3 Qc7 6. O-O e5 7. Kh1 Be7 8. Nc3
b5 9. Nh4 b4 10. Na4 Bb7 11. Nf5 Bf8 12. b3 g6 13. Ng3 Bg7 14. f5 d5 15. fxg6
hxg6 16. Bb2 d4 17. Bc1 O-O 18. a3 Qd6 19. axb4 Qxb4 20. Nb2 Kh8 21. Nc4
1/2-1/2

[Event "Hessen Senioren-ch 2012  8th"]
[Site "Bad Sooden-Adf. (14.4.-22.4)"]
[Date "2012.04.21"]
[Round "8.99"]
[White "Ludwig, Egbert"]
[Black "Brahn, Roswitha"]
[Result "1-0"]
[WhiteElo "1124"]
[BlackElo "1014"]
[PlyCount "47"]
[EventDate "2012.04.??"]
[EventType "swiss"]
[EventRounds "9"]
[EventCountry "GER"]
[WhiteTeam "Eichholz-Remmighaus TuS"]
[BlackTeam "Burghaun SG"]

1. d4 d5 2. Nf3 Nf6 3. c4 e6 4. g3 a6 5. cxd5 exd5 6. Bg2 Nbd7 7. O-O c6 8. Nc3
c5 9. b3 cxd4 10. Nxd4 Bc5 11. e4 dxe4 12. Nxe4 b5 13. Nxc5 Rb8 14. Re1+ Kf8
15. Nc6 Qc7 16. Nxb8 Qxb8 17. Nxd7+ Bxd7 18. Bf4 Qd8 19. Qd6+ Kg8 20. Qxa6 g6
21. Qa8 Kg7 22. Qxd8 Rxd8 23. Red1 Re8 24. Bg5 1-0

[Event "Hessen Senioren-ch 2012  8th"]
[Site "Bad Sooden-Adf. (14.4.-22.4)"]
[Date "2012.04.21"]
[Round "8.100"]
[White "Just, Joachim"]
[Black "Papapostolou, Christos"]
[Result "0-1"]
[WhiteElo "1881"]
[BlackElo "1933"]
[PlyCount "102"]
[EventDate "2012.04.??"]
[EventType "swiss"]
[EventRounds "9"]
[EventCountry "GER"]
[WhiteTeam "Zeitz Motor SV"]
[BlackTeam "Bad Sooden-Allendorf SK"]

1. d4 Nf6 2. Nf3 d6 3. c4 c6 4. Nc3 Nbd7 5. e4 e5 6. dxe5 dxe5 7. Be2 Bb4 8.
O-O O-O 9. Qc2 Re8 10. Be3 Qa5 11. Nd2 Nf8 12. Nb3 Qc7 13. f3 Ne6 14. c5 b5 15.
a3 Bxc3 16. bxc3 Rb8 17. Rfd1 a5 18. Nc1 Nd7 19. Nd3 Ba6 20. Bf1 b4 21. Nxe5 b3
22. Qf2 Nxe5 23. Bxa6 a4 24. Be2 Red8 25. Bd4 Nf4 26. Bf1 Qe7 27. Qg3 g5 28. h4
h6 29. hxg5 hxg5 30. Be3 Neg6 31. Rd6 Rxd6 32. cxd6 Qxd6 33. Qxg5 b2 34. Rb1
Ne6 35. Qf6 Qxa3 36. Bc4 Qe7 37. Qf5 a3 38. Bd4 Rb5 39. e5 Ra5 40. Ba2 Rd5 41.
Qe4 Qg5 42. Kf2 Qd2+ 43. Qe2 Qxe2+ 44. Kxe2 Nxd4+ 45. cxd4 Rxd4 46. Ke3 c5 47.
e6 fxe6 48. Bxe6+ Kg7 49. Ba2 Nf4 50. Rh1 Nd5+ 51. Ke2 Nc3+ 0-1

[Event "Hessen Senioren-ch 2012  8th"]
[Site "Bad Sooden-Adf. (14.4.-22.4)"]
[Date "2012.04.22"]
[Round "9.1"]
[White "Haubt, Georg"]
[Black "Piankov, Evgenij"]
[Result "0-1"]
[WhiteElo "2189"]
[BlackElo "2271"]
[PlyCount "122"]
[EventDate "2012.04.??"]
[EventType "swiss"]
[EventRounds "9"]
[EventCountry "GER"]
[WhiteTeam "Oberursel SV"]
[BlackTeam "UKR (Ukraine)"]
[BlackTeamCountry "UKR"]

1. e4 c6 2. d4 d5 3. f3 g6 4. Nc3 Bg7 5. Be3 Qb6 6. Na4 Qa5+ 7. c3 Nd7 8. b4
Qc7 9. Bd3 e5 10. Ne2 Ngf6 11. Ng3 O-O 12. O-O b6 13. Rc1 Bb7 14. f4 dxe4 15.
Bxe4 Nxe4 16. Nxe4 exd4 17. Bxd4 c5 18. Bxg7 Kxg7 19. Nd6 Rad8 20. Nxb7 Qxb7
21. Qb3 Qc6 22. b5 Qe4 23. Rce1 Qf5 24. Nb2 Rfe8 25. Qc4 Nf6 26. Nd1 Qc2 27.
Qb3 Qd2 28. Rxe8 Rxe8 29. c4 Qd4+ 30. Kh1 Qxf4 31. Qf3 Qxf3 32. gxf3 Re2 33. a4
Ra2 34. a5 Rxa5 35. Nc3 Ra3 36. Rc1 Nh5 37. Nd5 Rxf3 38. Ra1 Nf4 39. Nxf4 Rxf4
40. Rxa7 g5 41. Rc7 h5 42. Rc6 Rf6 43. Kg2 Kg6 44. h3 Kf5 45. Rc7 Ke5 46. Rd7
Rf4 47. Rd5+ Ke6 48. Rxg5 h4 49. Rg8 Rxc4 50. Rb8 Rf4 51. Rxb6+ Kd5 52. Rh6 Rb4
53. Rh5+ Kc4 54. Rxh4+ Kxb5 55. Rh7 Rf4 56. h4 c4 57. Kg3 Rf6 58. Rh5+ Kb4 59.
Re5 c3 60. h5 c2 61. Re1 Kc3 0-1

[Event "Hessen Senioren-ch 2012  8th"]
[Site "Bad Sooden-Adf. (14.4.-22.4)"]
[Date "2012.04.22"]
[Round "9.3"]
[White "Franck, Rudolf"]
[Black "Szenetra, Werner"]
[Result "1/2-1/2"]
[WhiteElo "2064"]
[BlackElo "2088"]
[PlyCount "153"]
[EventDate "2012.04.??"]
[EventType "swiss"]
[EventRounds "9"]
[EventCountry "GER"]
[WhiteTeam "Ellwangen SC"]
[BlackTeam "Rastatt SC"]

1. d4 g6 2. c4 Bg7 3. Nc3 d6 4. e4 Nc6 5. Be3 e5 6. Nge2 Nh6 7. f3 f5 8. Qd2
fxe4 9. Bg5 e3 10. Qxe3 Nf5 11. Qd2 Bh6 12. Bxh6 Qh4+ 13. g3 Qxh6 14. Qxh6 Nxh6
15. d5 Nb4 16. Kd2 O-O 17. a3 Na6 18. Bg2 Nc5 19. Raf1 a5 20. Nb5 Rf7 21. Nc1
Nf5 22. Bh3 Ne3 23. Kxe3 Bxh3 24. Rf2 Raf8 25. Nc3 h6 26. b4 axb4 27. axb4 Nd7
28. Nb3 Nf6 29. Ra2 b5 30. Nd2 Bg2 31. Rha1 Bxf3 32. Ra8 Ng4+ 33. Kd3 bxc4+ 34.
Nxc4 Nf6 35. b5 Nxd5 36. Rxf8+ Rxf8 37. Ra7 Nxc3 38. Kxc3 Rc8 39. Kb4 e4 40.
Ne3 c6 41. b6 Rb8 42. Ka5 d5 43. Rd7 Be2 44. Rd6 Kf7 45. Rxc6 d4 46. Nd5 d3 47.
Rf6+ Kg7 48. Rd6 d2 49. Ne3 Bd3 50. Rd7+ Kf6 51. b7 Ke6 52. Rg7 Ke5 53. Kb6 Kd4
54. Nd1 Bc4 55. Kc7 Rxb7+ 56. Kxb7 e3 57. Rd7+ Bd5+ 58. Rxd5+ Kxd5 59. Nxe3+
Ke4 60. Nd1 Kf3 61. Kc6 Kg2 62. Kd5 Kxh2 63. g4 Kg3 64. Ke4 Kxg4 65. Ke3 h5 66.
Nf2+ Kg3 67. Ne4+ Kg2 68. Nxd2 g5 69. Nf3 g4 70. Nh4+ Kh3 71. Nf5 g3 72. Nd4
Kg4 73. Ke2 h4 74. Kf1 Kf4 75. Kg2 Kg4 76. Kh1 h3 77. Ne2 1/2-1/2

[Event "Hessen Senioren-ch 2012  8th"]
[Site "Bad Sooden-Adf. (14.4.-22.4)"]
[Date "2012.04.22"]
[Round "9.7"]
[White "Hassenrueck, Helmut"]
[Black "Schneider, Alexander(52)"]
[Result "1-0"]
[WhiteElo "2151"]
[BlackElo "1981"]
[PlyCount "51"]
[EventDate "2012.04.??"]
[EventType "swiss"]
[EventRounds "9"]
[EventCountry "GER"]
[WhiteTeam "Gladbeck 19/23 SG"]
[BlackTeam "Wilhelmshavener SF"]

1. d4 Nf6 2. Nf3 g6 3. c4 Bg7 4. Nc3 d6 5. e4 Bg4 6. Be2 Bxf3 7. Bxf3 c6 8. Be3
Nbd7 9. O-O O-O 10. Qc2 Qc7 11. h3 e5 12. dxe5 Nxe5 13. Be2 Rfe8 14. Rad1 b6
15. b4 Rad8 16. b5 cxb5 17. Nxb5 Qe7 18. Bg5 Nc6 19. Nc3 Qe5 20. Qd2 Nd4 21.
Bd3 Ne6 22. Bh4 Rd7 23. Nd5 Nxe4 24. Bxe4 Qxe4 25. Bf6 Nf4 26. Nxf4 1-0

[Event "Hessen Senioren-ch 2012  8th"]
[Site "Bad Sooden-Adf. (14.4.-22.4)"]
[Date "2012.04.22"]
[Round "9.8"]
[White "Kierzek, Matthias Dr"]
[Black "Haselhorst, Helmut"]
[Result "1-0"]
[WhiteElo "2138"]
[BlackElo "1984"]
[PlyCount "99"]
[EventDate "2012.04.??"]
[EventType "swiss"]
[EventRounds "9"]
[EventCountry "GER"]
[WhiteTeam "Fulda SC"]
[BlackTeam "Ost/Westbevern SK"]

1. d4 Nf6 2. c4 g6 3. Nc3 Bg7 4. e4 d6 5. Be2 O-O 6. Bg5 Nc6 7. d5 Ne5 8. Nf3
h6 9. Bf4 Nxf3+ 10. Bxf3 e5 11. Be3 Nd7 12. Qc1 Kh7 13. h4 f5 14. h5 f4 15.
hxg6+ Kxg6 16. Bd2 Nf6 17. Qd1 Rh8 18. g3 fxg3 19. Rg1 h5 20. Rxg3+ Bg4 21. Qe2
Qe7 22. O-O-O Rag8 23. Bxg4 hxg4 24. f3 Bh6 25. Bxh6 Rxh6 26. fxg4 Nh7 27. Rf3
Kg7 28. Rdf1 Kh8 29. Rf7 Qg5+ 30. Kc2 Rg7 31. Qf2 Rxf7 32. Qxf7 Nf6 33. Rf5 Qg7
34. Qe6 Ng8 35. Rh5 Rxh5 36. gxh5 a6 37. Qc8 b5 38. cxb5 axb5 39. Qb8 Kh7 40.
Qxb5 Nf6 41. Qe2 Qg5 42. Qc4 Qg2+ 43. Kb3 Qg7 44. Nb5 Nd7 45. Qxc7 Nc5+ 46. Kc4
Qxc7 47. Nxc7 Nxe4 48. Nb5 Kh6 49. a4 Kxh5 50. a5 1-0

[Event "Hessen Senioren-ch 2012  8th"]
[Site "Bad Sooden-Adf. (14.4.-22.4)"]
[Date "2012.04.22"]
[Round "9.9"]
[White "Lindner, Jan Joost"]
[Black "Niebuhr, Gerd"]
[Result "1-0"]
[WhiteElo "2105"]
[BlackElo "1954"]
[PlyCount "37"]
[EventDate "2012.04.??"]
[EventType "swiss"]
[EventRounds "9"]
[EventCountry "GER"]
[WhiteTeam "NED (Niederlande)"]
[BlackTeam "Wedemark Freibauer"]
[WhiteTeamCountry "NED"]

1. f4 Nf6 2. Nf3 d6 3. Nc3 d5 4. e3 Bg4 5. Be2 e6 6. O-O Be7 7. d3 O-O 8. Ne5
Bxe2 9. Qxe2 Nbd7 10. e4 dxe4 11. Nxd7 Qxd7 12. dxe4 Bc5+ 13. Kh1 Rad8 14. f5
exf5 15. Bg5 Be7 16. Rxf5 Qe6 17. Raf1 Rd4 18. e5 Nd7 19. Nb5 1-0

[Event "Hessen Senioren-ch 2012  8th"]
[Site "Bad Sooden-Adf. (14.4.-22.4)"]
[Date "2012.04.22"]
[Round "9.10"]
[White "Oud, Niek"]
[Black "Schumacher, Gottfried"]
[Result "1/2-1/2"]
[WhiteElo "2162"]
[BlackElo "2080"]
[PlyCount "51"]
[EventDate "2012.04.??"]
[EventType "swiss"]
[EventRounds "9"]
[EventCountry "GER"]
[WhiteTeam "NED/Amstelveen"]
[BlackTeam "Bad Neuenahr SC"]
[WhiteTeamCountry "NED"]

1. d4 d5 2. c4 e6 3. Nf3 Nf6 4. Nc3 c6 5. Bg5 h6 6. Bh4 Nbd7 7. e3 Bb4 8. Qc2
O-O 9. Bd3 dxc4 10. Bxc4 b5 11. Bd3 a6 12. O-O c5 13. dxc5 Nxc5 14. Be2 Bb7 15.
Rfd1 Qe7 16. a3 Bxc3 17. Qxc3 Nce4 18. Qa5 Rfc8 19. Rac1 Rc5 20. Nd4 Rac8 21.
Rxc5 Qxc5 22. Bf3 Qc7 23. Qxc7 Rxc7 24. Bxf6 Nxf6 25. Bxb7 Rxb7 26. Rc1 1/2-1/2

[Event "Hessen Senioren-ch 2012  8th"]
[Site "Bad Sooden-Adf. (14.4.-22.4)"]
[Date "2012.04.22"]
[Round "9.11"]
[White "Lang, Ferdinand(49)"]
[Black "Biller, Helmut Dr"]
[Result "0-1"]
[WhiteElo "2051"]
[BlackElo "1975"]
[PlyCount "116"]
[EventDate "2012.04.??"]
[EventType "swiss"]
[EventRounds "9"]
[EventCountry "GER"]
[WhiteTeam "Bad Wimpfen SC"]
[BlackTeam "Frankfurt 1921 Sfr."]

1. e4 d6 2. d4 Nf6 3. Nc3 g6 4. Nf3 Bg7 5. Be2 O-O 6. O-O c6 7. h3 Qc7 8. Be3
Nbd7 9. Qd2 e5 10. Rad1 Re8 11. dxe5 dxe5 12. Nh2 Nf8 13. Bc5 N6d7 14. Bd6 Qb6
15. Nf3 Ne6 16. Na4 Qd8 17. b4 Nf4 18. Nb2 Nxe2+ 19. Qxe2 Qf6 20. Nc4 h6 21.
Bc7 Qe6 22. Rd6 Qe7 23. Rfd1 f6 24. R6d2 Nb6 25. Bxb6 axb6 26. Nxb6 Be6 27.
Nxa8 Rxa8 28. c3 h5 29. Ne1 Bh6 30. Rb2 Qf7 31. Ra1 Ra3 32. Qc2 f5 33. Nf3 Qc7
34. c4 f4 35. Rb3 Ra8 36. Rd3 Re8 37. c5 g5 38. Qc3 g4 39. hxg4 hxg4 40. Nd2
Bg7 41. a4 Bf6 42. Rd6 Qh7 43. b5 Kf7 44. bxc6 Rh8 45. Kf1 Qh1+ 46. Ke2 Qxg2
47. Rf1 bxc6 48. Rxc6 Rh1 49. Rxh1 Qxh1 50. Rc7+ Kg6 51. c6 Qh2 52. Nf1 Qg2 53.
Ng3 fxg3 54. Qxg3 Qxe4+ 55. Kf1 Bc4+ 56. Kg1 Bd5 57. f3 Qb1+ 58. Kf2 Qb6+ 0-1

[Event "Hessen Senioren-ch 2012  8th"]
[Site "Bad Sooden-Adf. (14.4.-22.4)"]
[Date "2012.04.22"]
[Round "9.12"]
[White "Mertens, Gottfried"]
[Black "Papenbrock, Volker"]
[Result "0-1"]
[WhiteElo "1829"]
[BlackElo "2030"]
[PlyCount "100"]
[EventDate "2012.04.??"]
[EventType "swiss"]
[EventRounds "9"]
[EventCountry "GER"]
[WhiteTeam "Weinheim 1911 SK"]
[BlackTeam "Hamburg Eimsbuettel SK"]

1. b3 e5 2. Bb2 Nc6 3. e4 Nf6 4. d3 d5 5. Nd2 Bc5 6. Be2 O-O 7. Ngf3 Qe7 8. O-O
dxe4 9. dxe4 Bg4 10. c3 Rad8 11. Qc2 Nh5 12. b4 Nf4 13. Nc4 Bxb4 14. Ne3 Bh5
15. cxb4 Qxb4 16. Rab1 Nxe2+ 17. Qxe2 Qxe4 18. Rfe1 Rfe8 19. Nf1 Qxe2 20. Rxe2
e4 21. Rbe1 f5 22. Ng3 exf3 23. Rxe8+ Rxe8 24. Rxe8+ Bxe8 25. Nxf5 g6 26. Nh6+
Kf8 27. gxf3 Bd7 28. Kf1 Ke7 29. Ke2 Be6 30. a3 Kd6 31. Ng4 Ne7 32. Nf6 h5 33.
Ne4+ Kd5 34. Nd2 c5 35. Kd3 b5 36. Bc3 Nc6 37. Ne4 Bf5 38. Ke3 a5 39. Bg7 b4
40. axb4 cxb4 41. Nd2 a4 42. Bf8 Bc2 43. Ne4 a3 44. Bg7 Ne5 45. Kf4 Nc4 46.
Nf6+ Ke6 47. Ne4 b3 48. Nc5+ Kd5 49. Na4 b2 50. Nc3+ Ke6 0-1

[Event "Hessen Senioren-ch 2012  8th"]
[Site "Bad Sooden-Adf. (14.4.-22.4)"]
[Date "2012.04.22"]
[Round "9.13"]
[White "Limberg, Siegfried"]
[Black "Ghijsen, Pim"]
[Result "1/2-1/2"]
[WhiteElo "1980"]
[BlackElo "1906"]
[PlyCount "30"]
[EventDate "2012.04.??"]
[EventType "swiss"]
[EventRounds "9"]
[EventCountry "GER"]
[WhiteTeam "Königstein/Schwalbach Sfr."]
[BlackTeam "NED/Amsterdam VAS"]
[BlackTeamCountry "NED"]

1. d4 d5 2. Nf3 Nf6 3. e3 g6 4. Be2 Bg7 5. O-O O-O 6. Nbd2 Nbd7 7. b3 c5 8. Bb2
Re8 9. Re1 b6 10. c4 Bb7 11. Rc1 Ne4 12. cxd5 Bxd5 13. Nxe4 Bxe4 14. Qd2 cxd4
15. Nxd4 Nc5 1/2-1/2

[Event "Hessen Senioren-ch 2012  8th"]
[Site "Bad Sooden-Adf. (14.4.-22.4)"]
[Date "2012.04.22"]
[Round "9.14"]
[White "Peleikis, Horst"]
[Black "Van den Berg, Ad"]
[Result "1/2-1/2"]
[WhiteElo "1973"]
[BlackElo "1998"]
[PlyCount "74"]
[EventDate "2012.04.??"]
[EventType "swiss"]
[EventRounds "9"]
[EventCountry "GER"]
[WhiteTeam "Lister Turm SK"]
[BlackTeam "NED/Philidor Leiden"]
[BlackTeamCountry "NED"]

1. e4 c5 2. Nf3 e6 3. Nc3 Nc6 4. d4 cxd4 5. Nxd4 Nf6 6. Ndb5 Bb4 7. a3 Bxc3+ 8.
Nxc3 d5 9. exd5 exd5 10. Bd3 O-O 11. O-O d4 12. Ne4 Bf5 13. Bg5 Bxe4 14. Bxe4
h6 15. Bxf6 Qxf6 16. Re1 Rfe8 17. h3 Re5 18. Bxc6 Rxe1+ 19. Qxe1 Qxc6 20. Qd2
Rc8 21. Qxd4 Qxc2 22. Rd1 Re8 23. Qd2 Re2 24. Qxc2 Rxc2 25. Rd8+ Kh7 26. b4
Rc1+ 27. Kh2 Rc3 28. Rd7 Rxa3 29. Rxb7 f5 30. f3 f4 31. Rf7 Ra4 32. b5 Kg6 33.
Rb7 Ra1 34. b6 axb6 35. Rxb6+ Kg5 36. Rb7 g6 37. Rb6 Ra5 1/2-1/2

[Event "Hessen Senioren-ch 2012  8th"]
[Site "Bad Sooden-Adf. (14.4.-22.4)"]
[Date "2012.04.22"]
[Round "9.16"]
[White "Krotofil, Kurt"]
[Black "Knaak, Joachim"]
[Result "0-1"]
[WhiteElo "1880"]
[BlackElo "2099"]
[PlyCount "56"]
[EventDate "2012.04.??"]
[EventType "swiss"]
[EventRounds "9"]
[EventCountry "GER"]
[WhiteTeam "Hamburg Niendorfer TSV"]
[BlackTeam "Dresden-Leuben SV"]

1. d4 d5 2. c4 e6 3. Nc3 Nf6 4. Nf3 c6 5. e3 Nbd7 6. Bd3 Bd6 7. e4 dxc4 8. Bxc4
b5 9. Bd3 e5 10. O-O O-O 11. Bg5 b4 12. Ne2 Re8 13. Qa4 Bb7 14. Rfd1 Qe7 15.
Ng3 g6 16. dxe5 Nxe5 17. Nxe5 Qxe5 18. Bd2 a5 19. a3 h5 20. h4 Ng4 21. Be1 Bc5
22. Qc2 b3 23. Qc1 Bd4 24. Bc3 Bxf2+ 25. Kf1 Qxg3 26. Qg5 Ba6 27. Bxa6 Nh2+ 28.
Ke2 Rxe4+ 0-1

[Event "Hessen Senioren-ch 2012  8th"]
[Site "Bad Sooden-Adf. (14.4.-22.4)"]
[Date "2012.04.22"]
[Round "9.17"]
[White "Gudat, Alfons"]
[Black "Krebs, Dietmar(44)"]
[Result "1/2-1/2"]
[WhiteElo "1843"]
[BlackElo "1950"]
[PlyCount "46"]
[EventDate "2012.04.??"]
[EventType "swiss"]
[EventRounds "9"]
[EventCountry "GER"]
[WhiteTeam "Oldenburg SK"]
[BlackTeam "Kölner Dr. Lasker SK"]

1. e4 c5 2. Nf3 d6 3. Bb5+ Bd7 4. Bxd7+ Qxd7 5. c4 Nc6 6. O-O g6 7. d3 Bg7 8.
Nc3 e6 9. Bg5 h6 10. Bh4 g5 11. Bg3 a6 12. h3 Nge7 13. Rb1 Ng6 14. Ne2 b5 15.
b3 O-O 16. d4 cxd4 17. Nexd4 Nxd4 18. Nxd4 bxc4 19. bxc4 Rfb8 20. Nb3 Ne5 21.
c5 Rd8 22. cxd6 Qxd6 23. Qxd6 Rxd6 1/2-1/2